Statistics for Central America Map Quiz in 15 seconds

Click here to take the quiz!

General Stats

  • This quiz has been taken 329 times
  • The average score is 6 of 14

Answers on the Map

Answers color-coded by a green-red scale on the quiz's map according to % correct below.
Loading ...
 

Answer Stats

Answer% Correct
Panama
92%
Costa Rica
76%
Nicaragua
74%
Honduras
73%
El Salvador
65%
Guatemala
60%
Belize
52%
Cuba
40%
Jamaica
22%
Haiti
19%
Dominican Republic
15%
Puerto Rico (US)
11%
Bahamas
8%
Trinidad and Tobago
6%

Score Distribution

Percentile by Number Answered

Percent of People with Each Score

Your Score History

You have not taken this quiz